Flexibility, foresight, and fortuna in Taiwan's development navigating between Scylla and Charybdis /

Bibliographic Details
Main Author: Chan, Steve.
Corporate Author: ProQuest (Firm)
Other Authors: Clark, Cal, 1945-
Format: Electronic eBook
Language:English
Published: London : Routledge, 1992.
Subjects:
Online Access:Click to View
LEADER 01412nam a2200385Ia 4500
001 EBC168815
003 MiAaPQ
005 20200520144314.0
006 m o d |
007 cr cn|||||||||
008 910508s1992 enka sbs 001 0 eng d
010 |z  91020395  
020 |z 0203035119 
020 |z 0415075963 
035 |a (MiAaPQ)EBC168815 
035 |a (Au-PeEL)EBL168815 
035 |a (CaPaEBR)ebr10060926 
035 |a (CaONFJC)MIL33127 
035 |a (OCoLC)252798757 
040 |a MiAaPQ  |c MiAaPQ  |d MiAaPQ 
050 4 |a HC430.5  |b .C34 1992 
082 0 4 |a 338.95124/9  |2 20 
100 1 |a Chan, Steve. 
245 1 0 |a Flexibility, foresight, and fortuna in Taiwan's development  |h [electronic resource] :  |b navigating between Scylla and Charybdis /  |c Steve Chan, Cal Clark. 
260 |a London :  |b Routledge,  |c 1992. 
300 |a xvi, 221 p. :  |b ill. 
504 |a Includes bibliographical references and index. 
533 |a Electronic reproduction. Ann Arbor, MI : ProQuest, 2015. Available via World Wide Web. Access may be limited to ProQuest affiliated libraries. 
651 0 |a Taiwan  |x History  |y 1945- 
651 0 |a Taiwan  |x Economic policy  |y 1945- 
651 0 |a Taiwan  |x Economic conditions  |y 1945- 
655 4 |a Electronic books. 
700 1 |a Clark, Cal,  |d 1945- 
710 2 |a ProQuest (Firm) 
856 4 0 |u https://ebookcentral.proquest.com/lib/matrademy/detail.action?docID=168815  |z Click to View